00851nam a22002177a 450000100060000000300080000600500170001400800410003103500190007204000350009104100080012608200260013410000270016024501500018726000710033730000380040850200770044650400360052365000450055970000290060482824BD-RjUL20240128160156.0240128s1992 bg a|||| m||| 00| 0 eng d a(BD-RjUL)82824 aBD-RjULbengcBD-RjULdBD-RjUL aeng 223a333.913bHAE 1992 aHakim, Muhammed. Abdul10aEconomics of irrigation under irrigation management programme (IMP) :bA Study at farm level /cMuhammed. Abdul Hakim ;6Supervisor : M. A. Hamid aRajshahi :bDepartment of Economics, University of Rajshahi,c1992 axix, 237 leaves :bill, ;c30.cm. aThesis (Ph. D.) -- Department of Economics, University of Rajshahi, 1992 aBibliography : Leaves 212 - 219 aIrrigationvEconomics of land and energy aHamid, M. A. Supervisor